[Event "Regina Helena Marques 2nd"]
[Site "Santos"]
[Date "2004.08.06"]
[Round "7"]
[White "El Debs, Felipe de Cresce"]
[Black "Cubas, Jose Fernando"]
[Result "0-1"]
[WhiteElo "2318"]
[BlackElo "2384"]
[PlyCount "118"]
[EventDate "2004.07.31"]
[EventType "tourn"]
[EventRounds "9"]
[EventCountry "BRA"]
[EventCategory "3"]
[SourceTitle "EXT 2005"]
[Source "ChessBase"]
[SourceDate "2004.11.15"]
[SourceVersion "1"]
[SourceVersionDate "2004.11.15"]
[SourceQuality "1"]

1. d4 d5 2. Nf3 Nf6 3. e3 c5 4. b3 e6 5. Bd3 Nc6 6. O-O Bd6 7. Bb2 O-O 8. a3 b6
9. Nbd2 Bb7 10. Qe2 Qe7 11. dxc5 Bxc5 12. b4 Bd6 13. e4 dxe4 14. Nxe4 Nxe4 15.
Bxe4 Rae8 16. Rad1 f5 17. Bxc6 Bxc6 18. Ne5 Ba8 19. Rd2 Rd8 20. Rfd1 Rfe8 21.
c4 Qc7 22. Qh5 Rf8 23. Qe2 Rfe8 24. f3 Bc6 25. Nxc6 Qxc6 26. Bxg7 Qc7 27. Be5
Bxe5 28. Rxd8 Rxd8 29. Rxd8+ Qxd8 30. Qxe5 Qd1+ 31. Kf2 Qd2+ 32. Qe2 Qd4+ 33.
Ke1 Kf7 34. Qc2 Qa1+ 35. Ke2 Qxa3 36. c5 bxc5 37. bxc5 Qa6+ 38. Ke3 Qc6 39. Qc3
a6 40. h4 h5 41. Qe5 Ke7 42. Kf4 a5 43. Kg5 a4 44. Qc3 Qc7 45. Qg7+ Kd8 46.
Qh8+ Ke7 47. Qf6+ Kd7 48. Qd4+ Ke7 49. Qg7+ Kd8 50. Qh8+ Ke7 51. Qf6+ Kd7 52.
Qd4+ Ke7 53. Kxh5 a3 54. Qc3 a2 55. Qb2 Qa5 56. Qg7+ Ke8 57. Qa1 Kf7 58. Kg5
Qd2+ 59. Kh5 Qxg2 0-1

[Event "Regina Helena Marques 2nd"]
[Site "Santos"]
[Date "2004.08.07"]
[Round "8"]
[White "Cubas, Jose Fernando"]
[Black "Santos, Marcus Vinicius M"]
[Result "1-0"]
[WhiteElo "2384"]
[BlackElo "2305"]
[PlyCount "75"]
[EventDate "2004.07.31"]
[EventType "tourn"]
[EventRounds "9"]
[EventCountry "BRA"]
[EventCategory "3"]
[SourceTitle "EXT 2005"]
[Source "ChessBase"]
[SourceDate "2004.11.15"]
[SourceVersion "1"]
[SourceVersionDate "2004.11.15"]
[SourceQuality "1"]

1. e4 e5 2. Nf3 Nc6 3. Bc4 Nf6 4. d3 Be7 5. O-O O-O 6. Re1 d6 7. a4 Bg4 8. h3
Bh5 9. c3 d5 10. exd5 Nxd5 11. a5 Qd6 12. Nbd2 f5 13. Qb3 Rad8 14. Nh2 Kh8 15.
Ndf1 b6 16. axb6 axb6 17. Qc2 Bf6 18. Ng3 Bg6 19. b4 e4 20. d4 e3 21. Bxd5 f4
22. Ne4 Qxd5 23. Nxf6 Rxf6 24. Qa2 exf2+ 25. Kxf2 Qg5 26. Nf3 Qg3+ 27. Kg1 Bh5
28. Qf2 Qg6 29. b5 Na5 30. Ba3 Re6 31. Rxe6 Qxe6 32. Qh4 Rd5 33. Re1 Qg6 34.
Qxf4 h6 35. Ne5 Qe6 36. Qe4 Rxb5 37. Rf1 g6 38. Qa8+ 1-0

[Event "Regina Helena Marques 2nd"]
[Site "Santos"]
[Date "2004.08.08"]
[Round "9"]
[White "Madeira, Wagner Martins"]
[Black "Cubas, Jose Fernando"]
[Result "1/2-1/2"]
[WhiteElo "2271"]
[BlackElo "2384"]
[PlyCount "34"]
[EventDate "2004.07.31"]
[EventType "tourn"]
[EventRounds "9"]
[EventCountry "BRA"]
[EventCategory "3"]
[SourceTitle "EXT 2005"]
[Source "ChessBase"]
[SourceDate "2004.11.15"]
[SourceVersion "1"]
[SourceVersionDate "2004.11.15"]
[SourceQuality "1"]

1. e4 e6 2. d4 d5 3. exd5 exd5 4. Nf3 Bd6 5. Bd3 Nc6 6. O-O Bg4 7. Re1+ Nge7 8.
c3 Qd7 9. Nbd2 O-O-O 10. b4 Ng6 11. b5 Nce7 12. Qa4 Kb8 13. Ne5 Bxe5 14. dxe5
Bf5 15. Bf1 Nc8 16. Nb3 Rde8 17. f4 f6 1/2-1/2

[Event "Buenos Aires Najdorf-B"]
[Site "Buenos Aires"]
[Date "2004.10.01"]
[Round "1"]
[White "Cordova, Emilio"]
[Black "Cubas, Jose Fernando"]
[Result "1/2-1/2"]
[WhiteElo "2347"]
[BlackElo "2376"]
[PlyCount "72"]
[EventDate "2004.10.01"]
[EventType "tourn"]
[EventRounds "9"]
[EventCountry "ARG"]
[EventCategory "4"]
[SourceTitle "CBM 102 Extra"]
[Source "ChessBase"]
[SourceDate "2004.11.03"]
[SourceVersion "1"]
[SourceVersionDate "2004.11.03"]
[SourceQuality "1"]

1. d4 d5 2. Nf3 Nf6 3. c4 c6 4. Nc3 a6 5. c5 Nbd7 6. Bf4 Nh5 7. e3 g6 8. Bd3
Bg7 9. O-O O-O 10. Bg5 Re8 11. e4 dxe4 12. Nxe4 Ndf6 13. Nxf6+ Nxf6 14. Bc4 Nd5
15. h3 Be6 16. Qb3 Qd7 17. Rfe1 Nc7 18. Rad1 Bxc4 19. Qxc4 Rad8 20. Bf4 Qd5 21.
Qb4 Nb5 22. a4 Nxd4 23. Nxd4 Bxd4 24. Be3 e5 25. Qxb7 Qxc5 26. Rc1 Qa5 27. Qxc6
Re6 28. Qc2 Rb6 29. Qc7 Rdb8 30. Bxd4 exd4 31. Qd7 Rxb2 32. Qxd4 R2b4 33. Qf6
R4b6 34. Qd4 Rb4 35. Qf6 R4b6 36. Qd4 Rb4 1/2-1/2

[Event "Buenos Aires Najdorf-B"]
[Site "Buenos Aires"]
[Date "2004.10.02"]
[Round "2"]
[White "Cubas, Jose Fernando"]
[Black "Claverie, Raul Ricardo"]
[Result "1-0"]
[WhiteElo "2376"]
[BlackElo "2348"]
[PlyCount "55"]
[EventDate "2004.10.01"]
[EventType "tourn"]
[EventRounds "9"]
[EventCountry "ARG"]
[EventCategory "4"]
[SourceTitle "CBM 102 Extra"]
[Source "ChessBase"]
[SourceDate "2004.11.03"]
[SourceVersion "1"]
[SourceVersionDate "2004.11.03"]
[SourceQuality "1"]

1. e4 e6 2. d4 b6 3. Bd3 Bb7 4. Nf3 d6 5. Qe2 Ne7 6. c3 Nd7 7. O-O h6 8. a4 a5
9. Na3 g6 10. e5 Bxf3 11. Qxf3 dxe5 12. dxe5 Bg7 13. Nc4 Nd5 14. Re1 O-O 15.
Qh3 Kh7 16. Qg4 Ne7 17. Be4 Ra7 18. Bf4 Nf5 19. Rad1 Qe7 20. Qe2 Nc5 21. Bc6
Na6 22. g4 Qh4 23. gxf5 Qxf4 24. f6 Bh8 25. Rd4 Qf5 26. Be4 Qh3 27. Kh1 Nc5 28.
Bc2 1-0

[Event "Buenos Aires Najdorf-B"]
[Site "Buenos Aires"]
[Date "2004.10.03"]
[Round "3"]
[White "Hungaski, Robert Andrew"]
[Black "Cubas, Jose Fernando"]
[Result "1-0"]
[WhiteElo "2253"]
[BlackElo "2376"]
[PlyCount "87"]
[EventDate "2004.10.01"]
[EventType "tourn"]
[EventRounds "9"]
[EventCountry "ARG"]
[EventCategory "4"]
[SourceTitle "CBM 102 Extra"]
[Source "ChessBase"]
[SourceDate "2004.11.03"]
[SourceVersion "1"]
[SourceVersionDate "2004.11.03"]
[SourceQuality "1"]

1. e4 e6 2. d4 d5 3. Nc3 Nf6 4. e5 Nfd7 5. f4 c5 6. Nf3 Nc6 7. Be3 cxd4 8. Nxd4
Bc5 9. Qd2 Nxd4 10. Bxd4 Bxd4 11. Qxd4 Qb6 12. Qd2 Nc5 13. O-O-O Bd7 14. Qd4
Bc6 15. h4 Nd7 16. h5 Qxd4 17. Rxd4 f6 18. exf6 gxf6 19. Rd2 Nb6 20. Bd3 e5 21.
Bf5 Rd8 22. fxe5 fxe5 23. Re1 e4 24. b3 O-O 25. g4 Kg7 26. Ne2 Bd7 27. Nd4 Kf6
28. Rf2 Ke5 29. c3 Nc8 30. Ref1 Nd6 31. Kd2 Rg8 32. Bxd7 Rxd7 33. Rf6 Re7 34.
Nb5 Rf8 35. Rxf8 Nxb5 36. R8f7 Re6 37. Rxb7 Nd6 38. Rxh7 d4 39. cxd4+ Kxd4 40.
Rxa7 e3+ 41. Ke2 Nb5 42. Ra4+ Kc3 43. Rc4+ Kb2 44. Rf3 1-0

[Event "Buenos Aires Najdorf-B"]
[Site "Buenos Aires"]
[Date "2004.10.04"]
[Round "4"]
[White "Cubas, Jose Fernando"]
[Black "Rosito, Jorge"]
[Result "1-0"]
[WhiteElo "2376"]
[BlackElo "2403"]
[PlyCount "73"]
[EventDate "2004.10.01"]
[EventType "tourn"]
[EventRounds "9"]
[EventCountry "ARG"]
[EventCategory "4"]
[SourceTitle "CBM 102 Extra"]
[Source "ChessBase"]
[SourceDate "2004.11.03"]
[SourceVersion "1"]
[SourceVersionDate "2004.11.03"]
[SourceQuality "1"]

1. e4 e5 2. Nf3 Nc6 3. Bc4 Nf6 4. d3 Be7 5. O-O O-O 6. Re1 d6 7. a4 Na5 8. Ba2
c5 9. Nc3 Nc6 10. Nd2 Be6 11. Nc4 Nd7 12. Ne3 Bg5 13. Ned5 Bxc1 14. Qxc1 Kh8
15. Nb5 Bxd5 16. exd5 Nb4 17. Nxd6 Nxa2 18. Rxa2 Nf6 19. Nc4 Nxd5 20. Nxe5 Qc7
21. Ra1 Rae8 22. Nf3 Qb6 23. Qg5 Nb4 24. Qd2 h6 25. h3 Qf6 26. c3 Nd5 27. Rxe8
Rxe8 28. Re1 Rd8 29. Re4 g5 30. Qe1 Kg7 31. Re8 Rd6 32. d4 cxd4 33. Nxd4 Nf4
34. Qe4 Rb6 35. b4 Ng6 36. a5 Rd6 37. Nf5+ 1-0

[Event "Buenos Aires Najdorf-B"]
[Site "Buenos Aires"]
[Date "2004.10.04"]
[Round "5"]
[White "Liascovich, Lucas Agustin"]
[Black "Cubas, Jose Fernando"]
[Result "1/2-1/2"]
[WhiteElo "2415"]
[BlackElo "2376"]
[PlyCount "31"]
[EventDate "2004.10.01"]
[EventType "tourn"]
[EventRounds "9"]
[EventCountry "ARG"]
[EventCategory "4"]
[SourceTitle "CBM 102 Extra"]
[Source "ChessBase"]
[SourceDate "2004.11.03"]
[SourceVersion "1"]
[SourceVersionDate "2004.11.03"]
[SourceQuality "1"]

1. d4 d5 2. c4 c6 3. Nf3 Nf6 4. e3 a6 5. Nbd2 g6 6. Be2 Bg7 7. O-O O-O 8. b3
Nbd7 9. Bb2 b5 10. Qc2 Rb8 11. c5 a5 12. Rad1 Qc7 13. Rfe1 Ne8 14. e4 dxe4 15.
Nxe4 Ndf6 16. Nxf6+ 1/2-1/2

[Event "Buenos Aires Najdorf-B"]
[Site "Buenos Aires"]
[Date "2004.10.05"]
[Round "6"]
[White "Cubas, Jose Fernando"]
[Black "Pereyra Arcija, Diego"]
[Result "1/2-1/2"]
[WhiteElo "2376"]
[BlackElo "2417"]
[PlyCount "175"]
[EventDate "2004.10.01"]
[EventType "tourn"]
[EventRounds "9"]
[EventCountry "ARG"]
[EventCategory "4"]
[SourceTitle "CBM 102 Extra"]
[Source "ChessBase"]
[SourceDate "2004.11.03"]
[SourceVersion "1"]
[SourceVersionDate "2004.11.03"]
[SourceQuality "1"]

1. e4 e6 2. d4 d5 3. e5 c5 4. c3 Nc6 5. Nf3 Qb6 6. a3 Nh6 7. b4 cxd4 8. cxd4
Nf5 9. Bb2 Be7 10. h4 h5 11. Bd3 g6 12. Bxf5 gxf5 13. Nc3 Rg8 14. O-O Rg4 15.
Ne2 Bd7 16. Bc1 Bxh4 17. b5 Ne7 18. Nxh4 Rxh4 19. f3 Bxb5 20. Be3 f4 21. Bf2
Nf5 22. Bxh4 Nxh4 23. Rb1 Bxe2 24. Qxe2 Qxd4+ 25. Kh2 b6 26. Rb4 Qc3 27. Rxf4
Ng6 28. Qb5+ Kf8 29. Ra4 Qxe5+ 30. Kh1 Qc7 31. f4 Nh4 32. Qb2 Ke7 33. f5 Nxf5
34. Rxf5 exf5 35. Qe2+ Kf6 36. Qxh5 Qc1+ 37. Kh2 Kg7 38. Rh4 Kf6 39. Qh7 Ke6
40. Rh6+ f6 41. Rh4 Rc8 42. Qxa7 Qc7+ 43. Qxc7 Rxc7 44. Rb4 Rc6 45. Kg3 Rc3+
46. Kf2 Rxa3 47. Rxb6+ Ke5 48. g3 Ra2+ 49. Kf3 Ra3+ 50. Kf2 d4 51. Rc6 Rc3 52.
Ra6 Rb3 53. Rc6 Ke4 54. Re6+ Kd3 55. Rxf6 Rb2+ 56. Kf3 Rb5 57. Ra6 Kc2 58. Ra2+
Rb2 59. Ra5 Rb3+ 60. Kf4 d3 61. Kxf5 d2 62. Ra2+ Rb2 63. Ra1 Rb1 64. Ra2+ Kd3
65. Rxd2+ Kxd2 66. g4 Ke3 67. g5 Rb5+ 68. Kf6 Rb6+ 69. Kf7 Kf4 70. g6 Kf5 71.
g7 Rb7+ 72. Kf8 Rb8+ 73. Kf7 Rb7+ 74. Kf8 Kf6 75. g8=N+ Ke6 76. Nh6 Rh7 77. Ng8
Rf7+ 78. Ke8 Rg7 79. Kf8 Rg6 80. Ne7 Rf6+ 81. Ke8 Rf2 82. Ng6 Kd6 83. Nf8 Rf6
84. Nh7 Rf5 85. Nf8 Rf1 86. Nh7 Rh1 87. Nf8 Rh6 88. Kf7 1/2-1/2

[Event "Buenos Aires Najdorf-B"]
[Site "Buenos Aires"]
[Date "2004.10.06"]
[Round "7"]
[White "Herrera, Martin"]
[Black "Cubas, Jose Fernando"]
[Result "0-1"]
[WhiteElo "2360"]
[BlackElo "2376"]
[PlyCount "40"]
[EventDate "2004.10.01"]
[EventType "tourn"]
[EventRounds "9"]
[EventCountry "ARG"]
[EventCategory "4"]
[SourceTitle "CBM 102 Extra"]
[Source "ChessBase"]
[SourceDate "2004.11.03"]
[SourceVersion "1"]
[SourceVersionDate "2004.11.03"]
[SourceQuality "1"]

1. e4 e6 2. d4 d5 3. Nd2 c5 4. Ngf3 cxd4 5. Nxd4 Nc6 6. c3 Nxd4 7. cxd4 dxe4 8.
Nxe4 Bd7 9. Bd3 Bc6 10. O-O Be7 11. Qe2 Nf6 12. Rd1 O-O 13. Bg5 Nxe4 14. Bxe7
Qxe7 15. Bxe4 Bxe4 16. Qxe4 Rfd8 17. Rac1 Rd5 18. Rc3 Rad8 19. f4 Qb4 20. Rb3
Qa4 0-1

[Event "Buenos Aires Najdorf-B"]
[Site "Buenos Aires"]
[Date "2004.10.07"]
[Round "8"]
[White "Cubas, Jose Fernando"]
[Black "Larrea, Manuel"]
[Result "1-0"]
[WhiteElo "2376"]
[BlackElo "2279"]
[PlyCount "77"]
[EventDate "2004.10.01"]
[EventType "tourn"]
[EventRounds "9"]
[EventCountry "ARG"]
[EventCategory "4"]
[SourceTitle "CBM 102 Extra"]
[Source "ChessBase"]
[SourceDate "2004.11.03"]
[SourceVersion "1"]
[SourceVersionDate "2004.11.03"]
[SourceQuality "1"]

1. e4 c5 2. Nf3 d6 3. d4 cxd4 4. Nxd4 Nf6 5. Nc3 e5 6. Bb5+ Nbd7 7. Nf5 a6 8.
Bxd7+ Qxd7 9. Bg5 Nxe4 10. Nxg7+ Bxg7 11. Nxe4 O-O 12. Qxd6 f6 13. Qxd7 Bxd7
14. Bd2 f5 15. Nc3 Bc6 16. Rg1 b5 17. Ne2 a5 18. O-O-O b4 19. f4 Rac8 20. Ng3
Ba4 21. b3 Bb5 22. Kb1 e4 23. Be3 a4 24. Rd5 axb3 25. axb3 Ra8 26. Bd4 Bc6 27.
Bxg7 Bxd5 28. Bxf8 Rxf8 29. Rd1 Bb7 30. Nf1 h5 31. Rd4 h4 32. Rxb4 Rf7 33. Ne3
h3 34. gxh3 Kg7 35. Rb6 Bc8 36. Kb2 Bd7 37. Rb7 Kf8 38. Nd5 Kg7 39. Kc3 1-0

[Event "Buenos Aires Najdorf-B"]
[Site "Buenos Aires"]
[Date "2004.10.08"]
[Round "9"]
[White "Mareco, Sandro"]
[Black "Cubas, Jose Fernando"]
[Result "1/2-1/2"]
[WhiteElo "2187"]
[BlackElo "2376"]
[PlyCount "55"]
[EventDate "2004.10.01"]
[EventType "tourn"]
[EventRounds "9"]
[EventCountry "ARG"]
[EventCategory "4"]
[SourceTitle "CBM 102 Extra"]
[Source "ChessBase"]
[SourceDate "2004.11.03"]
[SourceVersion "1"]
[SourceVersionDate "2004.11.03"]
[SourceQuality "1"]

1. e4 e6 2. d4 d5 3. Nc3 Nf6 4. e5 Nfd7 5. f4 c5 6. Nf3 Nc6 7. Be3 a6 8. Qd2 b5
9. a3 Bb7 10. Ne2 b4 11. axb4 Nxb4 12. Ng3 Qb6 13. c3 Nc6 14. Bd3 Na5 15. dxc5
Bxc5 16. Bxc5 Nxc5 17. b4 Nxd3+ 18. Qxd3 Nc4 19. Nd4 g6 20. O-O O-O 21. Rae1 f6
22. exf6 Rxf6 23. Nh1 Raf8 24. Nf2 Rxf4 25. Ng4 Bc8 26. Rxf4 Rxf4 27. Qg3 Rf8
28. Qh4 1/2-1/2

[Event "Calvia ol (Men)"]
[Site "Mallorca"]
[Date "2004.10.17"]
[Round "3"]
[White "Rogers, Ian"]
[Black "Cubas, Jose Fernando"]
[Result "1-0"]
[WhiteElo "2593"]
[BlackElo "2376"]
[PlyCount "105"]
[EventDate "2004.10.15"]
[EventType "team-swiss"]
[EventRounds "14"]
[EventCountry "ESP"]
[SourceTitle "CBM 104"]
[Source "ChessBase"]
[SourceDate "2005.01.27"]
[SourceVersion "1"]
[SourceVersionDate "2005.01.27"]
[SourceQuality "1"]
[WhiteTeam "Australia"]
[BlackTeam "Paraguay"]
[WhiteTeamCountry "AUS"]
[BlackTeamCountry "PAR"]

1. e4 e6 2. d4 d5 3. Nc3 Nf6 4. Bg5 Bb4 5. e5 h6 6. Bd2 Bxc3 7. bxc3 Ne4 8. Qg4
g6 9. Bd3 Nxd2 10. Kxd2 c5 11. Nf3 Bd7 12. dxc5 Qc7 13. Rab1 Nc6 14. Rhe1 Na5
15. Nd4 Qxc5 16. Nb5 Bxb5 17. Rxb5 Qc7 18. Qh4 Rc8 19. Qf6 Rg8 20. Ke2 b6 21.
Kf1 Qxc3 22. Rbb1 Nc4 23. Kg1 Qa3 24. Qf4 g5 25. Qg4 Qc3 26. Qe2 Rc7 27. a4 Qa5
28. Ra1 g4 29. f4 gxf3 30. Qxf3 Rg5 31. Qf6 Qc5+ 32. Kh1 Qf8 33. a5 b5 34. a6
Qg7 35. Bxc4 Rxc4 36. Qf2 Rc7 37. Rab1 Rxe5 38. Rg1 Rf5 39. Qe2 Qc3 40. Rxb5
Qxc2 41. Rb8+ Ke7 42. Qb5 Qc6 43. Qb2 Qc3 44. Qb5 Qc6 45. Qb2 Qc3 46. Qb5 Qc6
47. Qb4+ Qc5 48. Qh4+ f6 49. Qxh6 Kd7 50. Rb7 Kc6 51. Rc1 Rxb7 52. Rxc5+ Kxc5
53. Qc1+ 1-0

[Event "Calvia ol (Men)"]
[Site "Mallorca"]
[Date "2004.10.17"]
[Round "3"]
[White "Alcazar Jimenez, Victor Manuel"]
[Black "Cubas Pons, Juan Miguel"]
[Result "1-0"]
[WhiteElo "2412"]
[BlackElo "2260"]
[PlyCount "99"]
[EventDate "2004.10.15"]
[EventType "team-swiss"]
[EventRounds "14"]
[EventCountry "ESP"]
[SourceTitle "CBM 104"]
[Source "ChessBase"]
[SourceDate "2005.01.27"]
[SourceVersion "1"]
[SourceVersionDate "2005.01.27"]
[SourceQuality "1"]
[WhiteTeam "Spain II"]
[BlackTeam "Spain III"]
[WhiteTeamCountry "ESP"]
[BlackTeamCountry "ESP"]

1. e4 e6 2. d4 d5 3. Nc3 Nf6 4. e5 Nfd7 5. Nf3 a6 6. Bd3 c5 7. dxc5 Nc6 8. Bf4
Nxc5 9. O-O Nxd3 10. Qxd3 Be7 11. Bg3 Bd7 12. Ne2 Qb6 13. b3 Nb4 14. Qd2 Bb5
15. Nfd4 Bxe2 16. Nxe2 O-O 17. Kh1 a5 18. f4 g6 19. Rf3 Rfc8 20. c3 Na6 21. Bf2
Qd8 22. Rh3 Nc5 23. Bxc5 Rxc5 24. f5 Bf8 25. f6 b5 26. Rf1 b4 27. cxb4 axb4 28.
Nd4 Qc7 29. Qf4 Ra6 30. Nf3 Rc3 31. Qh4 h6 32. Qf4 Qc5 33. Rxh6 Qe3 34. Rxg6+
Kh7 35. Rg4 Qxf4 36. Rxf4 Rxa2 37. Rg4 Ra7 38. Ng5+ Kh6 39. Nh3 Rxb3 40. Rg8
Bc5 41. Rh8+ Kg6 42. Nf4+ Kf5 43. Nd3+ Bf2 44. Rxf2+ Kg5 45. h4+ Kg6 46. Rg8+
Kh6 47. Nf4 Kh7 48. Rg7+ Kh8 49. Kh2 Rba3 50. Rc2 1-0

[Event "Calvia ol (Men)"]
[Site "Mallorca"]
[Date "2004.10.18"]
[Round "4"]
[White "Campos, Eugenio"]
[Black "Cubas Pons, Juan Miguel"]
[Result "1/2-1/2"]
[WhiteElo "2265"]
[BlackElo "2260"]
[PlyCount "62"]
[EventDate "2004.10.15"]
[EventType "team-swiss"]
[EventRounds "14"]
[EventCountry "ESP"]
[SourceTitle "CBM 104"]
[Source "ChessBase"]
[SourceDate "2005.01.27"]
[SourceVersion "1"]
[SourceVersionDate "2005.01.27"]
[SourceQuality "1"]
[WhiteTeam "Angola"]
[BlackTeam "Spain III"]
[WhiteTeamCountry "ANG"]
[BlackTeamCountry "ESP"]

1. e4 e6 2. d4 d5 3. Nc3 Nf6 4. e5 Nfd7 5. Nce2 c5 6. c3 Nc6 7. a3 a5 8. f4 a4
9. Nf3 Nb6 10. Ng3 Bd7 11. Bd3 g6 12. h4 h5 13. Qc2 Rg8 14. Be3 Na5 15. Kf2
Nbc4 16. Nf1 Qb6 17. Bxc4 Nxc4 18. Rb1 Bb5 19. N1d2 Na5 20. dxc5 Bxc5 21. Bxc5
Qxc5+ 22. Nd4 Ke7 23. Kg3 Rgc8 24. N2f3 Ra6 25. Kh2 Nc4 26. Rhe1 Rb6 27. Qf2
Na5 28. Rbd1 Ba6 29. Rd2 Nc4 30. Rc2 Na5 31. Rd2 Nc4 1/2-1/2

[Event "Calvia ol (Men)"]
[Site "Mallorca"]
[Date "2004.10.20"]
[Round "6"]
[White "Belkhodja, Slim"]
[Black "Cubas, Jose Fernando"]
[Result "0-1"]
[WhiteElo "2478"]
[BlackElo "2376"]
[PlyCount "64"]
[EventDate "2004.10.15"]
[EventType "team-swiss"]
[EventRounds "14"]
[EventCountry "ESP"]
[SourceTitle "CBM 104"]
[Source "ChessBase"]
[SourceDate "2005.01.27"]
[SourceVersion "1"]
[SourceVersionDate "2005.01.27"]
[SourceQuality "1"]
[WhiteTeam "Tunisia"]
[BlackTeam "Paraguay"]
[WhiteTeamCountry "TUN"]
[BlackTeamCountry "PAR"]

1. e4 e6 2. d4 d5 3. e5 c5 4. c3 Nc6 5. Nf3 Qb6 6. a3 Bd7 7. b4 cxd4 8. cxd4
Rc8 9. Be3 Nh6 10. Bd3 Nf5 11. O-O Be7 12. Nbd2 Nxe3 13. fxe3 a5 14. b5 Na7 15.
a4 O-O 16. Qe2 Rc3 17. h4 Qd8 18. Rac1 Rxc1 19. Rxc1 f6 20. exf6 gxf6 21. e4
Nc8 22. exd5 exd5 23. Nf1 Bd6 24. Qc2 Qe7 25. Re1 Qf7 26. Bf5 Nb6 27. Bxd7 Qxd7
28. Ne3 Re8 29. Kf2 Bf4 30. Ng4 Rf8 31. g3 Qxg4 32. gxf4 Rc8 0-1

[Event "Calvia ol (Men)"]
[Site "Mallorca"]
[Date "2004.10.20"]
[Round "6"]
[White "Cubas Pons, Juan Miguel"]
[Black "Garcia Vasquez, Jhoel"]
[Result "0-1"]
[WhiteElo "2260"]
[BlackElo "2201"]
[PlyCount "58"]
[EventDate "2004.10.15"]
[EventType "team-swiss"]
[EventRounds "14"]
[EventCountry "ESP"]
[SourceTitle "CBM 104"]
[Source "ChessBase"]
[SourceDate "2005.01.27"]
[SourceVersion "1"]
[SourceVersionDate "2005.01.27"]
[SourceQuality "1"]
[WhiteTeam "Spain III"]
[BlackTeam "Peru"]
[WhiteTeamCountry "ESP"]
[BlackTeamCountry "PER"]

1. e4 c5 2. Nf3 Nc6 3. g3 g6 4. Bg2 Bg7 5. d3 d6 6. O-O e6 7. c3 Nf6 8. Nbd2
O-O 9. a3 b6 10. b4 Bb7 11. Rb1 cxb4 12. axb4 d5 13. e5 Nd7 14. d4 a5 15. b5
Ne7 16. Ba3 Re8 17. Ng5 Nf5 18. Ndf3 Rc8 19. Qd2 Bf8 20. Bxf8 Nxf8 21. g4 Ng7
22. Rfc1 Qe7 23. Bf1 h6 24. Nh3 g5 25. Bd3 Ng6 26. Bc2 Rf8 27. Kg2 f5 28. exf6
Qxf6 29. Qe2 Qxf3+ 0-1

[Event "Calvia ol (Men)"]
[Site "Mallorca"]
[Date "2004.10.22"]
[Round "7"]
[White "Ramirez, Alejandro"]
[Black "Cubas, Jose Fernando"]
[Result "1-0"]
[WhiteElo "2519"]
[BlackElo "2376"]
[PlyCount "103"]
[EventDate "2004.10.15"]
[EventType "team-swiss"]
[EventRounds "14"]
[EventCountry "ESP"]
[SourceTitle "CBM 104"]
[Source "ChessBase"]
[SourceDate "2005.01.27"]
[SourceVersion "1"]
[SourceVersionDate "2005.01.27"]
[SourceQuality "1"]
[WhiteTeam "Costa Rica"]
[BlackTeam "Paraguay"]
[WhiteTeamCountry "CRI"]
[BlackTeamCountry "PAR"]

1. d4 d5 2. c4 c6 3. Nf3 Nf6 4. Nc3 a6 5. c5 Nbd7 6. Bf4 Nh5 7. Be3 Nhf6 8. h3
Qc7 9. g3 e5 10. dxe5 Nxe5 11. Nxe5 Qxe5 12. Bd4 Qc7 13. Bg2 Be7 14. O-O O-O
15. b4 Ne4 16. Nxe4 dxe4 17. e3 Bf5 18. Qc2 Rfe8 19. Rfd1 Rad8 20. Bc3 h6 21.
Kh2 h5 22. Bxe4 Bxe4 23. Qxe4 Bxc5 24. Qf5 Bxe3 25. fxe3 Rxe3 26. Qg5 Re2+ 27.
Kh1 f6 28. Qxh5 Re3 29. Be1 Rxd1 30. Rxd1 Qe7 31. Bf2 Re2 32. Rd8+ Qxd8 33.
Qxe2 Qd5+ 34. Kh2 a5 35. Qc2 Kh8 36. Qc5 Qxa2 37. bxa5 Kh7 38. Kg2 Kg8 39. h4
Kf7 40. Qf5 Qc4 41. h5 Kg8 42. h6 gxh6 43. Qc8+ Kg7 44. Qxb7+ Kg6 45. Qb1+ Kg7
46. Qa1 Qa6 47. Qc3 Kg6 48. Kf3 Qb5 49. Qc2+ Kg7 50. Qc5 Qd3+ 51. Kg2 Qa6 52.
Qa7+ 1-0

[Event "Calvia ol (Men)"]
[Site "Mallorca"]
[Date "2004.10.23"]
[Round "8"]
[White "Cubas, Jose Fernando"]
[Black "Oms Pallisse, Josep"]
[Result "1/2-1/2"]
[WhiteElo "2376"]
[BlackElo "2508"]
[PlyCount "57"]
[EventDate "2004.10.15"]
[EventType "team-swiss"]
[EventRounds "14"]
[EventCountry "ESP"]
[SourceTitle "CBM 104"]
[Source "ChessBase"]
[SourceDate "2005.01.27"]
[SourceVersion "1"]
[SourceVersionDate "2005.01.27"]
[SourceQuality "1"]
[WhiteTeam "Paraguay"]
[BlackTeam "Andorra"]
[WhiteTeamCountry "PAR"]
[BlackTeamCountry "AND"]

1. e4 e5 2. Nf3 Nc6 3. Bc4 Bc5 4. c3 Nf6 5. d3 d6 6. O-O O-O 7. h3 a6 8. Bb3
Ba7 9. Re1 h6 10. Nbd2 Nh5 11. Nf1 Qf6 12. Ne3 Nf4 13. Nd5 Nxd5 14. Bxd5 Ne7
15. Be3 Nxd5 16. exd5 Qg6 17. Nh4 Qh7 18. Bxa7 Rxa7 19. Qe2 Ra8 20. d4 f6 21.
Qc4 g5 22. Nf3 Bf5 23. Re3 Rae8 24. Rae1 Qf7 25. Nd2 Bc8 26. dxe5 Rxe5 27. Nf3
Rxe3 28. Rxe3 f5 29. b4 1/2-1/2

[Event "Calvia ol (Men)"]
[Site "Mallorca"]
[Date "2004.10.23"]
[Round "8"]
[White "Cubas Pons, Juan Miguel"]
[Black "Nolsoe, Eydun"]
[Result "1-0"]
[WhiteElo "2260"]
[BlackElo "2227"]
[PlyCount "55"]
[EventDate "2004.10.15"]
[EventType "team-swiss"]
[EventRounds "14"]
[EventCountry "ESP"]
[SourceTitle "CBM 104"]
[Source "ChessBase"]
[SourceDate "2005.01.27"]
[SourceVersion "1"]
[SourceVersionDate "2005.01.27"]
[SourceQuality "1"]
[WhiteTeam "Spain III"]
[BlackTeam "Faroe Islands"]
[WhiteTeamCountry "ESP"]
[BlackTeamCountry "FAI"]

1. e4 c5 2. Nf3 d6 3. d4 cxd4 4. Qxd4 Nc6 5. Bb5 Bd7 6. Bxc6 Bxc6 7. Nc3 Nf6 8.
Bg5 e6 9. O-O-O Be7 10. Qd3 Qa5 11. h4 a6 12. Nd4 Rc8 13. Kb1 b5 14. Nxc6 Rxc6
15. e5 dxe5 16. Bxf6 Rd6 17. Qf3 Rxd1+ 18. Rxd1 gxf6 19. Qc6+ Kf8 20. Rd3 h5
21. a3 f5 22. Qa8+ Kg7 23. Rg3+ Kh7 24. Qf3 Kh6 25. Qe3+ Kh7 26. Qe2 Kh6 27.
Qxe5 f6 28. Qe3+ 1-0